ბათუმის შოთა რუსთაველის სახელმწიფო უნივერსიტეტის ბიბლიოთეკა

Designing effective feedback processes in higher education : (ბიბ.ჩანაწერი № 58246)

000 -LEADER
fixed length control field 01080cam a2200241 i 4500
001 - CONTROL NUMBER
control field 21632843
005 - DATE AND TIME OF LATEST TRANSACTION
control field 20221107112014.0
006 - FIXED-LENGTH DATA ELEMENTS--ADDITIONAL MATERIAL CHARACTERISTICS
fixed length control field m |o d |
007 - PHYSICAL DESCRIPTION FIXED FIELD--GENERAL INFORMATION
fixed length control field cr |||||||||||
008 - FIXED-LENGTH DATA ELEMENTS--GENERAL INFORMATION
fixed length control field 190612s2020 enka ob 000 0 eng
020 ## - INTERNATIONAL STANDARD BOOK NUMBER
International Standard Book Number 9780815361633x
041 ## - LANGUAGE CODE
Language code of text/sound track or separate title eng
080 ## - UNIVERSAL DECIMAL CLASSIFICATION NUMBER
Universal Decimal Classification number 378.1 W-73
100 1# - MAIN ENTRY--PERSONAL NAME
Personal name Winstone, Naomi E.
9 (RLIN) 12599
245 10 - TITLE STATEMENT
Title Designing effective feedback processes in higher education :
Remainder of title a learning-focused approach /
Statement of responsibility, etc. Naomi Winstone and David Carless.
264 #1 - PRODUCTION, PUBLICATION, DISTRIBUTION, MANUFACTURE, AND COPYRIGHT NOTICE
Place of production, publication, distribution, manufacture London ;
Name of producer, publisher, distributor, manufacturer Routledge, Taylor and Francis Group,
Date of production, publication, distribution, manufacture, or copyright notice 2020.
300 ## - PHYSICAL DESCRIPTION
Extent 208 p.
Other physical details 24 cm.
653 ## - INDEX TERM--UNCONTROLLED
keyword უმაღლეს განათლებაში ეფექტური უკუკავშირის პროცესების შემუშავება
653 ## - INDEX TERM--UNCONTROLLED
keyword ურთიერთქმედების ანალიზი განათლებაში
653 ## - INDEX TERM--UNCONTROLLED
keyword კომუნიკაცია უმაღლეს განათლებაში
700 1# - ADDED ENTRY--PERSONAL NAME
Personal name Carless, David
Relator term ავტორი
9 (RLIN) 12600
942 ## - ADDED ENTRY ELEMENTS (KOHA)
Source of classification or shelving scheme
Koha item type წიგნი
ეგზემპლარები
Withdrawn status Lost status Source of classification or shelving scheme Damaged status Not for loan Permanent Location Current Location Shelving location Date acquired Cost, normal purchase price Full call number Barcode Date last seen Copy number Price effective from Koha item type Public note
          ბათუმის შოთა რუსთაველის სახელმწიფო უნივერსიტეტის მთავარი ბიბლიოთეკა ბათუმის შოთა რუსთაველის სახელმწიფო უნივერსიტეტის მთავარი ბიბლიოთეკა წიგნსაცავი 2021-10-06 96.00 378.1 W-73 61798 2021-10-06 61798 2021-10-06 წიგნი 96 ლ.
          ბათუმის შოთა რუსთაველის სახელმწიფო უნივერსიტეტის მთავარი ბიბლიოთეკა ბათუმის შოთა რუსთაველის სახელმწიფო უნივერსიტეტის მთავარი ბიბლიოთეკა წიგნსაცავი 2021-10-06 96.00 378.1 W-73 61799 2021-10-06 61799 2021-10-06 წიგნი 96 ლ.